000 nam a22 7a 4500
999 _c7863
_d7863
008 171103b xxu||||| |||| 00| 0 eng d
020 _a9789386711229
100 _aRandhana, Jasvinder Kaur
_94336
245 _aSuper 20 Science Sample papers
260 _aNew Delhi
_bFull Marks Pvt Ltd
_c2017